000 00809nam a22002777a 4500
003 CHAP
005 20220329135141.0
008 971013s1965 r 00010 d
010 _a31720
011 _a32692
035 _a36807
040 _cCHAP
082 _a370.15
_bC7
100 0 0 _aCronbach, Lee J.
_929158
245 _aPsicología educativa
260 _aMéxico :
_bEd. Pax-México,
_c1965
300 _a690 p.
_b: ilus.
590 _aBATCH-UPD
_b10
_c20130110
_lUCH01
_h1225
590 _aBATCH-UPD
_b10
_c20130410
_lUCH01
_h0757
590 _aBATCH-UPD
_b10
_c20130914
_lUCH01
_h1945
590 _aCONVERSION
_b10
_c20130109
_lUCH01
_h1318
650 1 4 _aPsicología pedagógica.
_992615
901 _aBK
942 _cLIBRO
949 _a370.15 C7
_bBC
_cLIBRO
_d33724000376794
_eLIBRO
_h7015
_i36807
_mD
_si
999 _c31720
_d31720